Dopasuj piłkarza do klubu #1 - Statystyki

Ogólne statystyki
  • Ten quiz został rozwiązany 266 razy
  • Średni wynik to 9 z 10
Statystyki odpowiedzi
Hint Odpowiedź % Poprawnych
Kapustka Legia Warszawa
94%
Modrić Real Madryt
94%
Musiala Bayern Monachium
93%
Milik Juventus
90%
Foden Manchester City
90%
L. Martinez Inter Mediolan
87%
Wirtz Bayer Leverkusen
83%
Hakimi PSG
79%
Mamardashvili Valencia
75%
Adeyemi Borussia Dortmund
72%
Nie znaleziono quizów pasujących do podanych kryteriów
Rozkład punktacji
Procent ludzi z każdym wynikiem
Percentyl według liczby udzielonych odpowiedzi
Twoja historia wyników
Nie rozwiązałeś tego quizu